000 00637nam a2200241Ia 4500
005 20260430150638.0
008 008 250103s9999 xx 000 0 eng d
037 _aTheses
040 _aCRL
040 _beng
040 _ceng
041 _2eng
041 _aeng
084 _qCRL
100 _aSingh Parmeet Au.; Singh Indrajeet Gu.
_91238096
245 0 _aRole of Class In Communal Conflicts In India
260 _c2023
300 _a180p.
650 _aPolitical Science
700 _aUniversity of Delhi. Faculty of Social Science. Deptt. of Political Science
_91236360
942 _cTH
999 _c1850288
_d1850288